La roca de las gaviotas / (Record no. 164697)

MARC details
000 -LEADER
campo de control de longitud fija 00900nam a2200229 i 4500
001 - NÚMERO DE CONTROL
campo de control 164697
003 - IDENTIFICADOR DE NÚMERO DE CONTROL
campo de control ES-MaACL
005 - FECHA Y HORA DE LA ÚLTIMA TRANSACCIÓN
campo de control 20230906213001.0
008 - DATOS DE LONGITUD FIJA--INFORMACIÓN GENERAL
campo de control de longitud fija 050802m18801900sp a | |||||||| ||spa d
040 ## - FUENTE DE CATALOGACIÓN
Centro catalogador/agencia de origen CAM
Lengua de catalogación spa
Centro/agencia transcriptor CAM
100 1# - ENTRADA PRINCIPAL--NOMBRE DE PERSONA
Nombre de persona Sandeau, Jules.
9 (RLIN) 103070
245 13 - MENCIÓN DEL TÍTULO
Título La roca de las gaviotas /
Mención de responsabilidad, etc. Julio Sandeau ; versión española.
260 ## - PUBLICACIÓN, DISTRIBUCIÓN, ETC.
Lugar de publicación, distribución, etc. Madrid :
Nombre del editor, distribuidor, etc. Agustín Jubera editor,
Fecha de publicación, distribución, etc. [s.a.] (
Fabricante Imprenta de Enrique Rubiños)
300 ## - DESCRIPCIÓN FÍSICA
Extensión 2 v. :
Otras características físicas il. ;
Dimensiones 29 cm.
490 1# - MENCIÓN DE SERIE
Mención de serie Biblioteca universal ilustrada ;
Designación de volumen o secuencia 7
596 ## - NOTA AL PIE DE IMPRENTA
NOTA AL PIE DE IMPRENTA Probablemente impresa en las últimas décadas del siglo XIX.
598 ## - NOTA LOCAL
Nota local La mención de serie tomada de la cub. original.
830 0# - PUNTO DE ACCESO ADICIONAL DE SERIE-TÍTULO UNIFORME
Título uniforme Biblioteca universal ilustrada ;
Designación de volumen o secuencia 7
9 (RLIN) 188782
852 ## - LOCALIZACIÓN
Ubicación ES-MaACL
Número de control de estantería 1594-F-11
Nota libre -- Rust. falto de la cub. posterior
condición física -- Contiene unicamente cuaderno primero (66 p.)
Holdings
Estatus retirado Estado de pérdida Estado de daño No para préstamo Colección Biblioteca de origen Biblioteca actual Ubicación en estantería Fecha de adquisición Fuente de adquisición Total de préstamos Signatura topográfica completa Código de barras Visto por última vez Precio de reemplazo Tipo de ítem Koha
        Colección de folletos Biblioteca del Ateneo de Madrid Biblioteca del Ateneo de Madrid Depósito folletos 17/01/2008     1594-F-11 1172645 23/02/2023 23/02/2023 Folleto